000 00432nam a2200169 a 4500
001 0000-9179
003 ELIB.Books
008 110520 0000
035 _a(ELIB.Books)0000-9331
082 _a222.1
_bRed
100 _aRedpath, Alay
245 _aVictorious Christian Living
260 _bChicago: Fleming H. Revell Company
_c0
650 _aOld Testament
942 _2ddc
_cBK
998 _cbat
_e2011-05-20
999 _c9179
_d9179